000 01059nas a2200349 4500
001 BR0706727
003 BR-BrBNA
005 20231205111036.0
007 ta
008 230509b bl.|||p| |||| 00| 00por d
040 _aBR-BrBNA
_bpor
_cBiblioteca Nacional de Agricultura
041 _a(Pt)
072 _aL02; L51
100 1 _aAlmeida, E.C. de
100 1 _aFialho, E.T.
100 1 _aCantarelli, V. de S.
100 1 _aZangeronimo, M.G.
100 1 _aPereira, R.A.N.
100 1 _aRodrigues, P.B.
245 1 _aDigestibilidade ileal e perdas endógenas de aminoácidos de dietas com óleo de soja para suínos em crescimento
650 _aSUÍNO
650 _aÓLEO VEGETAL
650 _aSOJA
650 _aDIETA
650 _aDIGESTIBILIDADE APARENTE
650 _aAMINOÁCIDO
650 _aPERDA
650 _aPERFORMANCE
773 0 _tRevista Brasileira de Zootecnia (Brazil)
_xISSN 1516-3598
_g(Jul-Aug 2007), v. 36(4)(suplemento) p. 1045-1051
_wBR0706727
909 _a202311
_bLúcia
_c55
_dLúcia Elande
942 _2AGRIS
_n0
_cANA
999 _c190302
_d190302